• 首页
  • 本馆介绍
  • 公告通知
  • 最新文献
  • 馆藏检索
  • 电子资源
  • 读者导购
  • 参考咨询
  • 我的图书馆
  • 登录
  • 详细信息显示
  • 放入我的书架
  • 预约/预借图书
  • 作者相关作品
  • 分类相关作品
  • 丛书相关作品
  • 出版社相关作品

书目信息

  • 表格格式
  • 工作单格式
  • 卡片格式
题名:
鲁迅论创作
    
 
作者: 鲁迅 著
分册:  
出版信息: 上海   上海文艺出版社  1983
页数: 2册(755页)
开本: 21cm
丛书名: 中国现代作家论创作丛书
单 册:
中图分类: I210.3
科图分类:
主题词: 鲁迅著作--理论著作 , 文学创作
电子资源:
ISBN:
000 00745nam2 2200277 45
001 0183007323
005 20040413171508.1
010    @dCNY3.50@b精装
091    @a10078.3410
100    @a19950509d1983 em y0chiy0121 ea
101 0  @achi
102    @aCN@b310000
105    @ay z 000yy
106    @ar
200 10 @a鲁迅论创作@Alu xun lun chuang zuo@e共二册@f鲁迅等著
210    @a上海@c上海文艺出版社@d1983
215    @a2册(755页)@d21cm
225 2  @a中国现代作家论创作丛书
410  0 @120010@a中国现代作家论创作丛书
606    @a鲁迅著作@x理论著作
606    @a文学创作
690    @aI210.3@v3
701  0 @a鲁迅@Alu xun@4著
801  0 @aCN@b上海图书馆@c20040413
801  2 @aCN@bNLC@c20040413
905    @f1@b160154@dI210.3@e121
    
    鲁迅论创作:共二册/鲁迅等著.-上海:上海文艺出版社,1983
    2册(755页);21cm.-(中国现代作家论创作丛书)
    
    
    ISBN (精装):CNY3.50
    
●
相关链接 在E读中查询图书 在五车中查询图书 在当当中查询图书 在豆瓣中查询图书


正题名:鲁迅论创作     索取号:I210.3/121         预约/预借

序号 登录号 条形码 馆藏地/架位号 状态 备注
1 0160154   001405189   第二借阅区/ [索取号:I210.3/121] 在馆    
2 0160155   202440849   第一样本阅览室/ [索取号:I210.3/121] 在馆    
唐山师范学院图书馆 欢迎您!
大连网信软件有限公司© 版权所有